<?xml version="1.0" encoding="UTF-8"?>
<record
    xmlns:xsi="http://www.w3.org/2001/XMLSchema-instance"
    xsi:schemaLocation="http://www.loc.gov/MARC21/slim http://www.loc.gov/standards/marcxml/schema/MARC21slim.xsd"
    xmlns="http://www.loc.gov/MARC21/slim">

  <leader>00936nam a22002177a 4500</leader>
  <datafield tag="999" ind1=" " ind2=" ">
    <subfield code="c">76349</subfield>
    <subfield code="d">76349</subfield>
  </datafield>
  <controlfield tag="005">20210913090040.0</controlfield>
  <controlfield tag="008">      s2559    th                f tha d</controlfield>
  <datafield tag="020" ind1=" " ind2=" ">
    <subfield code="a">9789740214700</subfield>
  </datafield>
  <datafield tag="040" ind1=" " ind2=" ">
    <subfield code="a">NALT</subfield>
  </datafield>
  <datafield tag="041" ind1=" " ind2=" ">
    <subfield code="a">tha</subfield>
  </datafield>
  <datafield tag="090" ind1=" " ind2=" ">
    <subfield code="a">FIC </subfield>
    <subfield code="b">&#xE01;412&#xE21; 2559 &#xE25;.1</subfield>
  </datafield>
  <datafield tag="100" ind1="1" ind2=" ">
    <subfield code="a">&#xE01;&#xE31;&#xE27;, &#xE08;&#xE34;&#xE49;&#xE07;&#xE2D;&#xE27;&#xE35;&#xE48;</subfield>
    <subfield code="9">37749</subfield>
  </datafield>
  <datafield tag="245" ind1="1" ind2="0">
    <subfield code="a">&#xE44;&#xE21;&#xE49;&#xE40;&#xE17;&#xE49;&#xE32;&#xE15;&#xE35;&#xE2A;&#xE38;&#xE19;&#xE31;&#xE02; &#xE40;&#xE25;&#xE48;&#xE21; 1 /</subfield>
    <subfield code="c">&#xE01;&#xE31;&#xE27;&#xE08;&#xE34;&#xE49;&#xE07;&#xE2D;&#xE27;&#xE35;&#xE48;, &#xE40;&#xE02;&#xE35;&#xE22;&#xE19; ; &#xE40;&#xE23;&#xE37;&#xE2D;&#xE07;&#xE0A;&#xE31;&#xE22; &#xE23;&#xE31;&#xE01;&#xE28;&#xE23;&#xE35;&#xE2D;&#xE31;&#xE01;&#xE29;&#xE23;, &#xE41;&#xE1B;&#xE25;.</subfield>
  </datafield>
  <datafield tag="260" ind1=" " ind2=" ">
    <subfield code="a">&#xE01;&#xE23;&#xE38;&#xE07;&#xE40;&#xE17;&#xE1E;&#xE2F; : </subfield>
    <subfield code="b">&#xE21;&#xE15;&#xE34;&#xE0A;&#xE19;, </subfield>
    <subfield code="c">2559.</subfield>
  </datafield>
  <datafield tag="300" ind1=" " ind2=" ">
    <subfield code="a">456 &#xE2B;&#xE19;&#xE49;&#xE32; ;</subfield>
    <subfield code="b"> </subfield>
    <subfield code="c">24 &#xE0B;&#xE21;.</subfield>
  </datafield>
  <datafield tag="650" ind1=" " ind2="4">
    <subfield code="a">&#xE19;&#xE27;&#xE19;&#xE34;&#xE22;&#xE32;&#xE22;&#xE08;&#xE35;&#xE19;</subfield>
    <subfield code="9">6389</subfield>
  </datafield>
  <datafield tag="700" ind1="0" ind2=" ">
    <subfield code="a">&#xE40;&#xE23;&#xE37;&#xE2D;&#xE07;&#xE0A;&#xE31;&#xE22; &#xE23;&#xE31;&#xE01;&#xE28;&#xE23;&#xE35;&#xE2D;&#xE31;&#xE01;&#xE29;&#xE23;</subfield>
    <subfield code="9">8732</subfield>
  </datafield>
  <datafield tag="850" ind1=" " ind2=" ">
    <subfield code="a">NALT</subfield>
  </datafield>
  <datafield tag="942" ind1=" " ind2=" ">
    <subfield code="c">FIC</subfield>
    <subfield code="2">local</subfield>
  </datafield>
  <datafield tag="998" ind1=" " ind2=" ">
    <subfield code="j">104</subfield>
    <subfield code="k"> &#xE2A;&#xE32;&#xE22;&#xE1D;&#xE19; &#xE14;&#xE35;&#xE07;&#xE32;&#xE21;</subfield>
  </datafield>
  <datafield tag="952" ind1=" " ind2=" ">
    <subfield code="0">0</subfield>
    <subfield code="1">0</subfield>
    <subfield code="2">local</subfield>
    <subfield code="4">0</subfield>
    <subfield code="7">0</subfield>
    <subfield code="8">CFICSHT</subfield>
    <subfield code="a">NALT</subfield>
    <subfield code="b">NALT</subfield>
    <subfield code="e">&#xE08;&#xE31;&#xE14;&#xE0B;&#xE37;&#xE49;&#xE2D;&#xE17;&#xE23;&#xE31;&#xE1E;&#xE22;&#xE32;&#xE01;&#xE23;</subfield>
    <subfield code="g">330.00</subfield>
    <subfield code="l">0</subfield>
    <subfield code="o">FIC &#xE01;412&#xE21; 2559 &#xE25;.1</subfield>
    <subfield code="p">3961204102</subfield>
    <subfield code="r">2017-06-09 00:00:00</subfield>
    <subfield code="v">380.00</subfield>
    <subfield code="w">2017-06-09</subfield>
    <subfield code="y">FIC</subfield>
  </datafield>
</record>
